La formación del profesorado de la Universidad Alfonso X el Sabio ante el reto de Bolonia / (Record no. 178883)

MARC details
000 -LEADER
campo de control de longitud fija 01374nam a2200289 4500
001 - NÚMERO DE CONTROL
campo de control 178883
003 - IDENTIFICADOR DE NÚMERO DE CONTROL
campo de control ES-MaACL
005 - FECHA Y HORA DE LA ÚLTIMA TRANSACCIÓN
campo de control 20251118182001.0
008 - DATOS DE LONGITUD FIJA--INFORMACIÓN GENERAL
campo de control de longitud fija 110727s2010 sp abd |||| |dspa d
020 ## - NÚMERO INTERNACIONAL ESTÁNDAR DEL LIBRO
Número Internacional Estándar del Libro 978-84-608-1008-7
080 ## - NÚMERO DE LA CLASIFICACIÓN DECIMAL UNIVERSAL
Número de la Clasificación Decimal Universal 378.126(460)
245 03 - MENCIÓN DEL TÍTULO
Título La formación del profesorado de la Universidad Alfonso X el Sabio ante el reto de Bolonia /
Mención de responsabilidad, etc. coordinación, Agustín de la Herrán, Fernando Pérez y Verónica Díaz.
260 ## - PUBLICACIÓN, DISTRIBUCIÓN, ETC.
Lugar de publicación, distribución, etc. [Madrid] :
Nombre del editor, distribuidor, etc. Fundación Universidad Alfonso X el Sabio,
Fecha de publicación, distribución, etc. 2010.
300 ## - DESCRIPCIÓN FÍSICA
Extensión 296 p. :
Otras características físicas gráf., mapas, fot. ;
Dimensiones 24 cm.
504 ## - NOTA DE BIBLIOGRAFÍA, ETC.
Nota de bibliografía, etc. Referencias bibliográficas.
505 8# - NOTA DE CONTENIDO CON FORMATO
Nota de contenido con formato Contiene: ;
Título Los grandes retos de la educación en el siglo XXI /
Mención de responsabilidad Federico Mayor Zaragoza. --
Título Referencias básicas sobre el proceso de Bolonia
650 #7 - PUNTO DE ACCESO ADICIONAL DE MATERIA--TÉRMINO DE MATERIA
Término de materia o nombre geográfico como elemento de entrada Profesores universitarios-
Subdivisión geográfica España.
9 (RLIN) 139944
650 #4 - PUNTO DE ACCESO ADICIONAL DE MATERIA--TÉRMINO DE MATERIA
Término de materia o nombre geográfico como elemento de entrada Profesores universitarios-
Subdivisión general Formación profesional.
9 (RLIN) 147439
700 1# - ENTRADA AGREGADA--NOMBRE PERSONAL
Nombre de persona Herrán Gascón, Agustín de la,
Fechas asociadas al nombre 1963-
9 (RLIN) 63155
700 1# - ENTRADA AGREGADA--NOMBRE PERSONAL
Nombre de persona Pérez, Fernando,
Fechas asociadas al nombre 1943-
9 (RLIN) 147436
700 1# - ENTRADA AGREGADA--NOMBRE PERSONAL
Nombre de persona Díaz, Verónica.
9 (RLIN) 147437
700 1# - ENTRADA AGREGADA--NOMBRE PERSONAL
Nombre de persona Mayor Zaragoza, Federico,
Fechas asociadas al nombre 1934-2024
9 (RLIN) 79415
710 2# - ENTRADA AGREGADA--NOMBRE DE ENTIDAD CORPORATIVA
Nombre de entidad corporativa o nombre de jurisdicción como elemento de entrada Universidad Alfonso X el Sabio.
9 (RLIN) 147438
852 ## - LOCALIZACIÓN
Ubicación ES-MaACL
Número de control de estantería A-11378
itemnumber 185749
Sublocalización o colección R.145764
Ubicación en estantería Depósito 1
Signatura antigua Olim: N-4382
Encuadernación Donación editorial
942 ## - ELEMENTOS DE ENTRADA SECUNDARIOS (KOHA)
Fuente del sistema de clasificación o colocación Clasificación decimal universal
Tipo de ítem Koha Libro impreso
Holdings
Estatus retirado Estado de pérdida Fuente del sistema de clasificación o colocación Estado de daño No para préstamo Biblioteca de origen Biblioteca actual Ubicación en estantería Fecha de adquisición Fuente de adquisición Total de préstamos Signatura topográfica completa Código de barras Visto por última vez Precio de reemplazo Tipo de ítem Koha
    Clasificación decimal universal     Biblioteca del Ateneo de Madrid Biblioteca del Ateneo de Madrid Depósito 1 29/07/2011 Donación   A-11378 1187915 23/02/2023 23/02/2023 Libro impreso